ARRUPE JESUIT UNIVERSITY

CORONAVIRUS -STOP THE SPREAD - CLEAN,DISINFECT,COVER

Bishops and writers : (Record no. 118148)

MARC details
000 -LEADER
fixed length control field 01816cam a2200337 i 4500
001 - CONTROL NUMBER
control field 2760938
003 - CONTROL NUMBER IDENTIFIER
control field ARRUPE
005 - DATE AND TIME OF LATEST TRANSACTION
control field 20130927164228.0
008 - FIXED-LENGTH DATA ELEMENTS--GENERAL INFORMATION
fixed length control field 790709s1977 enkc b 011 0 eng
010 ## - LIBRARY OF CONGRESS CONTROL NUMBER
LC control number 79312237
015 ## - NATIONAL BIBLIOGRAPHY NUMBER
National bibliography number GB78-08071
020 ## - INTERNATIONAL STANDARD BOOK NUMBER
International Standard Book Number 0856500453 :
Terms of availability £3.00
040 ## - CATALOGING SOURCE
Original cataloging agency DLC
Transcribing agency DLC
Modifying agency DLC
043 ## - GEOGRAPHIC AREA CODE
Geographic area code e-uk-en
050 00 - LIBRARY OF CONGRESS CALL NUMBER
Classification number BX1491
Item number .B57 1977
300 ## - PHYSICAL DESCRIPTION
Other physical details port. ;
Dimensions 21 cm.
245 00 - TITLE STATEMENT
Title Bishops and writers :
Remainder of title aspects of the evolution of modern English Catholicism /
Statement of responsibility, etc edited by Adrian Hastings.
260 ## - PUBLICATION, DISTRIBUTION, ETC. (IMPRINT)
Place of publication, distribution, etc Wheathampstead :
Name of publisher, distributor, etc A. Clarke,
Date of publication, distribution, etc 1977.
300 ## - PHYSICAL DESCRIPTION
Extent x, 263 p. :
500 ## - GENERAL NOTE
General note "Conceived as a tribute to Garrett Sweeney."
504 ## - BIBLIOGRAPHY, ETC. NOTE
Bibliography, etc Includes bibliographical references and index.
505 0# - FORMATTED CONTENTS NOTE
Formatted contents note Coventry, J. An introduction: Freeing the papacy.--Holmes, J. D. Newman's attitude to ultramontanism and liberal Catholicism on the eve of the first Vatican Council.--MacDougall, H. The later Acton: the historian as moralist.--Lash, N. Modernism, aggiornamento and the night battle.--Lahey, R. J. Cardinal Bourne and the Malines Conversations.--Hastings, A. Some reflexions on the English Catholicism of the late 1930's.--Sharratt, B. English Roman Catholicism in the 1960's.--The forgotten council ; The primacy : the small print of Vatican I ; The "wound in the right foot" : unhealed? ; St. Edmund's House : an embodiment / Garrett Sweeney.
600 10 - SUBJECT ADDED ENTRY--PERSONAL NAME
Personal name Sweeney, Garrett.
9 (RLIN) 1683
610 20 - SUBJECT ADDED ENTRY--CORPORATE NAME
Corporate name or jurisdiction name as entry element Catholic Church
Geographic subdivision England.
9 (RLIN) 1684
611 20 - SUBJECT ADDED ENTRY--MEETING NAME
Meeting name or jurisdiction name as entry element Vatican Council
Number of part/section/meeting (1st :
Date of meeting 1869-1870 :
Location of meeting Basilica di San Pietro in Vaticano)
9 (RLIN) 1685
650 #0 - SUBJECT ADDED ENTRY--TOPICAL TERM
Topical term or geographic name as entry element Papacy
General subdivision History.
9 (RLIN) 1686
651 #0 - SUBJECT ADDED ENTRY--GEOGRAPHIC NAME
Geographic name England
General subdivision Church history
Chronological subdivision 20th century.
9 (RLIN) 1687
700 1# - ADDED ENTRY--PERSONAL NAME
Personal name Hastings, Adrian.
9 (RLIN) 1688
700 1# - ADDED ENTRY--PERSONAL NAME
Personal name Sweeney, Garrett.
9 (RLIN) 1689
906 ## - LOCAL DATA ELEMENT F, LDF (RLIN)
a 7
b cbc
c orignew
d 3
e ncip
f 19
g y-gencatlg
942 ## - ADDED ENTRY ELEMENTS (KOHA)
Source of classification or shelving scheme Library of Congress Classification
Koha item type Monograph ( Printed materials)
Holdings
Withdrawn status Lost status Source of classification or shelving scheme Damaged status Not for loan Home library Current library Shelving location Date acquired Total Checkouts Full call number Barcode Date last seen Price effective from Koha item type
    Library of Congress Classification     ARRUPE LIBRARY ARRUPE LIBRARY Main Collection 27/09/2013   BX1491 .B57 1977 46410127 22/11/2017 27/09/2013 Monograph ( Printed materials)

 

Arrupe Library. PO Box MP320 Mt Pleasant, Harare, Zimbabwe
263 242 745411|librarian@aju.ac.zw